Welcome to CU Library Online Public Access Catalogue (OPAC)

african charismatics: (Record no. 2936)

MARC details
000 -LEADER
fixed length control field 00474nam a22001577a 4500
005 - DATE AND TIME OF LATEST TRANSACTION
control field 20250123153949.0
008 - FIXED-LENGTH DATA ELEMENTS--GENERAL INFORMATION
fixed length control field 250123b |||||||| |||| 00| 0 eng d
020 ## - INTERNATIONAL STANDARD BOOK NUMBER
International Standard Book Number 9789964878054
050 ## - LIBRARY OF CONGRESS CALL NUMBER
Classification number BX 1644.5G4 ASA
Item number 1
100 ## - MAIN ENTRY--PERSONAL NAME
Personal name Asamoah-Gyadu, J.Kwabena
245 ## - TITLE STATEMENT
Title african charismatics:
Remainder of title Current development within independent indigenous pentecostalism in Ghana
260 ## - PUBLICATION, DISTRIBUTION, ETC.
Place of publication, distribution, etc. Netherlands
Name of publisher, distributor, etc. ACP
Date of publication, distribution, etc. 2005
300 ## - PHYSICAL DESCRIPTION
Extent xi,280p
500 ## - GENERAL NOTE
General note bib.ref,index
942 ## - ADDED ENTRY ELEMENTS (KOHA)
Source of classification or shelving scheme Library of Congress Classification
Koha item type Books
Suppress in OPAC No
999 ## -
-- 2936
-- 2936

No items available.

© 2023-2024 Copyright: Central University Libraries. All Rights Reserved | Created by: Mahone Tech Office